000 00831nam0a22002651 4500
001 rc\68637
005 20260406092040.0
010 _a5-88155-060-9
_bДиамант
_940000
035 _a(NLR Aleph) 005342040
090 _a6704100
_c6704100
100 _a20021216d1995 u y0rusy50 ca
101 0 _arus
102 _aRU
105 _aa |||||||||
200 1 _aСвой дом украшу я сама
210 _aСПб.
_cЛейла
_cДиамант
_d1995
215 _a478, [2] с.
_cил.
_d22
225 1 _aКнига в подарок
300 _aНа пер. авт. не указан
700 1 _7ca
_8rus
_aЕрзенкова
_bН. В.
_gНина Васильевна
_3RU\NLR\AUTH\770282715
_92672155
801 0 _aRU
_bNLR
_gpsbo
801 1 _aRU
_bELAR
_2rusmarc
852 _aNLR
_j96-3/4289
942 _cBOOK
980 _aNB